000 00720nam a2200193 i 4500
001 37443
003 ES-MaACL
005 20230909212125.0
007 t|
008 030221s1885 sp ||||1| spa d
080 _a33 Asso y del Río, Ignacio Jordán de
100 1 _aBuen, Odón de,
_d1863-1945
_932355
245 1 0 _aDiscurso acerca de don Ignacio de Aso
_b: pronunciado en el Círculo Aragonés de Madrid el 29 de noviembre 1884 /
_cOdón de Buen.
260 _aMadrid :
_b[s.n.],
_c1885 (
_fEstab. Tip. de Alfredo Alonso)
300 _a31 p. ;
_c20 cm.
600 1 4 _aAsso y del Río, Ignacio Jordán de.
_923661
852 _aES-MaACL
_jT-363-F-1
_z - Dedicatoria autógrafa del autor
999 _c37443
_d37443